000 00733nam a2200217 a 4500
005 20231102063655.0
008 010706s1997 mx r 000 0 spa d
020 _a9505506967
035 _aUPN01000109330
049 _aCG
050 4 _aLB1555
_bN3.2
100 1 _aNarváez, Adriana Edith
245 1 3 _aEl "cómo" de la interdiciplinaria /
_cAdriana Edith Narváez, Sandra Laura Motta.
260 _aArgentina :
_bMagisterio del Río de La Plata,
_c1997.
300 _a142 p. :
_eil.
440 0 _aRespuestas educativas.
_pSerie aula EGB y Polimodal
650 7 _aActividades extraescolares
_2
_9144
650 4 _aAproximación interdisciplinaria en educación
_93030
700 1 _aMotta, Sandra Laura,
_ecoaut.
905 _aLibro
999 _c83241
_d83241